| 000 | 01064nam a2200301 i 4500 | ||
|---|---|---|---|
| 001 | 185837 | ||
| 003 | ES-MaACL | ||
| 005 | 20251012202555.0 | ||
| 008 | 160816s1985 sp |||| | spa d | ||
| 020 | _a84-245-0413-5 | ||
| 040 | _cES-MaACL | ||
| 245 | 0 | 0 |
_aTeatro español de los 80 / _c[entrevistadores], Fermín Cabal y José Luis Alonso de Santos. |
| 260 |
_aMadrid : _bFundamentos, _c1985. |
||
| 300 |
_a265 p. ; _c20 cm. |
||
| 490 | 1 |
_aColección Arte. _v94. _aSerie Teatro |
|
| 504 | _aBibliografía: p. 245-265. | ||
| 650 | 4 |
_aTeatro español- _yS.XX- _xHistoria y crítica. _917361 |
|
| 650 | 4 |
_aEspañoles- _vEntrevistas. _9167822 |
|
| 655 | 0 |
_9234232 _aEntrevistas |
|
| 700 | 1 |
_aCabal, Fermín, _d1948- _933061 |
|
| 700 | 1 |
_aAlonso de Santos, José Luis, _d1942- _920291 |
|
| 830 | 0 | 0 |
_aColección Arte (Editorial Fundamentos) _v94 _9235717 |
| 830 | 0 | 0 |
_aColección Arte (Editorial Fundamentos) _9235717 |
| 852 |
_aES-MaACL _jL-8465 |
||
| 942 | _cMONOGRAFIA | ||
| 999 |
_c185837 _d185837 |
||